El creacionismo de Vicente Huidobro en sus relaciones con la estética cubista

Saved in:
书目详细资料
主要作者: Busto Ogden, Estrella (Author)
格式: 图书
语言:西班牙语
出版: Madrid Playor 1983
丛编:Colección Nova Scholar
主题:
标签: 添加标签
没有标签, 成为第一个标记此记录!

MARC

LEADER 00000nam a2200000 a 4500
001 UCL0396
003 CL-VaPUC
008 030711e19830000SP |||||||||||||||||spa|d
020 |a 8435903214 
082 0 4 |a Ch862.9  |b BUS  |2 21 
100 0 |a Busto Ogden, Estrella  |e author  |9 477072 
245 1 3 |a El creacionismo de Vicente Huidobro en sus relaciones con la estética cubista 
300 |a 190 p 
942 |c BK 
945 |d 20030711 00:00:00  |a cmena 
260 |a Madrid  |b Playor  |c 1983 
650 0 |a Crítica e interpretación literaria  |9 266284 
650 7 |a CREACIONISMO  |2 CL-VaPUC  |9 320562 
650 0 |a Estilos literarios  |9 310538 
650 0 |a Estética   |9 264950 
583 |a last modification  |c 20150106 07:03:36  |k Rodrigo Vera 
490 0 |a Colección Nova Scholar 
999 |c 304269  |d 304267 
952 |0 0  |1 0  |4 0  |6 CH_862_900000000000000_BUS_1983  |7 0  |8 ?  |9 366242  |a BIBEDU  |b BIBEDU  |d 2019-11-21  |i 3921018  |o Ch862.9 BUS 1983  |p 3921018  |r 2019-11-21  |w 2019-11-21  |y BK  |k LIT